Region v rozvoji společnosti 2016 sborník příspěvků z mezinárodní vědecké konference, Mendelova univerzita v Brně, 20. října 2016, (Brno, Česko)

Salvato in:
Dettagli Bibliografici
Enti autori: Region v rozvoji společnosti 2016. Mezinárodní vědecká konference, Mendelova univerzita v Brně. Fakulta regionálního rozvoje a mezinárodních studií
Natura: Libro
Lingua:ceco
slovacco
inglese
Pubblicazione: Brno Mendelova univerzita v Brně 2016
Soggetti:
Tags: Aggiungi Tag
Nessun Tag, puoi essere il primo ad aggiungerne!!

MARC

LEADER 00000nlm a2200000 4500
001 0256169
005 20240416113821.5
020 |a 978-80-7509-459-9 
041 0 |a cze 
041 0 |a slo 
041 0 |a eng 
044 |a CZ 
245 1 0 |a Region v rozvoji společnosti 2016  |b sborník příspěvků z mezinárodní vědecké konference, Mendelova univerzita v Brně, 20. října 2016, (Brno, Česko) 
264 1 |a Brno  |b Mendelova univerzita v Brně  |c 2016 
300 |a 1121 s. online 
610 2 0 |a regióny 
610 2 0 |a rozvoj regionálny 
610 2 0 |a priemysel kreatívny 
610 2 0 |a poľnohospodárstvo 
610 2 0 |a podnikanie 
610 2 0 |a investície priame zahraničné 
610 2 0 |a ruch cestovný 
610 2 0 |a svet 
610 2 0 |a Česko 
610 2 0 |a Slovensko 
110 2 |a Region v rozvoji společnosti 2016. Mezinárodní vědecká konference 
710 2 |a Mendelova univerzita v Brně. Fakulta regionálního rozvoje a mezinárodních studií